000 01785nam0a2200397 4500
001 RU\NLR\bibl\987767
005 20260406102806.0
010 _a5-9265-0271-3
_94000
021 _aRU
_b2006-46967
_92341
035 _a(nilc)EL/0000080690
035 _a(NLR Aleph) 000975617
090 _a426764
_c426764
100 _a20060828d2006 |||y0rusy50 ca
101 0 _arus
102 _aRU
105 _ay |||||||||
200 1 _aБольшая восьмерка
_eцена вхождения
_fАнатолий Уткин
210 _aМосква
_cАлгоритм
_d2006
215 _a477, [2] с.
_d21
225 1 _aПутин + 7
300 _aНа 4-й с. обл. авт.: Анатолий Уткин - д. ист. н.
320 _aБиблиогр. в примеч.: с. 458-478
606 1 _aМеждународные отношения
_z1990-ые гг.
_92079922
_3RU\NLR\auth\661255823
607 _aРоссийская Федерация
_xВзаимоотношения
_yСтраны "Большой восьмерки"
_92441542
_3RU\NLR\auth\661452435
607 _aСтраны "Большой восьмерки"
_xВзаимоотношения
_yРоссийская Федерация
_92441543
_3RU\NLR\auth\661452436
686 _a63.3(2)635-6
_vLBC/PL
_2rubbk
686 _a63.3(7США)64-6
_vLBC/PL
_2rubbk
686 _aТ3(2)74-6
686 _aТ3(0)63-612.39
700 1 _4070
_8rus
_7ca
_aУткин
_bА. И.
_cд-р ист. наук, внешняя политика США
_f1944-2010
_gАнатолий Иванович
_3RU\NLR\AUTH\7784882
_967810
801 0 _aRU
_bЦГПБ Москва
_c20060828
_grcr
801 1 _aRU
_bЦГПБ Москва
_c20060828
_2rusmarc
801 2 _aRU
_bNLR
_c20060926
_grcr
942 _cBOOK
980 _aNB